000 00731nas a2200241 4500
001 BR8905091
003 BR-BrBNA
005 20231205091735.0
007 ta
008 230509b bl.|||p| |||| 00| 00por d
040 _aBR-BrBNA
_bpor
_cBiblioteca Nacional de Agricultura
041 _a(Pt)
072 _aE70; E10
100 1 _aLemos, J.J.S.
245 1 _aPrecos agricolas e expectativas inflacionarias: o caso brasileiro
650 _aAGRICULTURA
650 _aPOLITICA DE PRECO
650 _aPRECO
650 _aINFLACAO
773 0 _tRevista de Economia e Sociologia Rural (Brazil)
_xISSN 0103-2003
_g(Apr-Jun 1989), v. 27(2) p. 153-172
_wBR8905091
909 _a202311
_bLúcia
_c55
_dLúcia Elande
942 _2AGRIS
_n0
_cANA
999 _c127042
_d127042